<?xml version="1.0" encoding="UTF-8"?><?xml-stylesheet type="text/xsl" href="static/style.xsl"?><OAI-PMH xmlns="http://www.openarchives.org/OAI/2.0/" xmlns:xsi="http://www.w3.org/2001/XMLSchema-instance" xsi:schemaLocation="http://www.openarchives.org/OAI/2.0/ http://www.openarchives.org/OAI/2.0/OAI-PMH.xsd"><responseDate>2026-04-27T08:06:43Z</responseDate><request verb="GetRecord" identifier="oai:uvadoc.uva.es:10324/39862" metadataPrefix="marc">https://uvadoc.uva.es/oai/request</request><GetRecord><record><header><identifier>oai:uvadoc.uva.es:10324/39862</identifier><datestamp>2021-06-30T02:45:54Z</datestamp><setSpec>com_10324_38</setSpec><setSpec>col_10324_852</setSpec></header><metadata><record xmlns="http://www.loc.gov/MARC21/slim" xmlns:doc="http://www.lyncode.com/xoai" xmlns:xsi="http://www.w3.org/2001/XMLSchema-instance" xmlns:dcterms="http://purl.org/dc/terms/" xsi:schemaLocation="http://www.loc.gov/MARC21/slim http://www.loc.gov/standards/marcxml/schema/MARC21slim.xsd">
<leader>00925njm 22002777a 4500</leader>
<datafield tag="042" ind1=" " ind2=" ">
<subfield code="a">dc</subfield>
</datafield>
<datafield tag="720" ind1=" " ind2=" ">
<subfield code="a">Val López, Rodrigo del</subfield>
<subfield code="e">author</subfield>
</datafield>
<datafield tag="260" ind1=" " ind2=" ">
<subfield code="c">2019</subfield>
</datafield>
<datafield tag="520" ind1=" " ind2=" ">
<subfield code="a">La soledad no deseada es una problemática social que cada vez afecta a un mayor número de personas, con independencia de su situación objetiva de convivencia. Si bien puede afectar a cualquier sector poblacional, su incidencia en las personas mayores es especialmente significativa.&#xd;
Los cambios sociales, demográficos y culturales que se han producido en las últimas décadas han generado una sociedad individualista donde la convivencia comunitaria y los vínculos emocionales entre personas parecen haber pasado a un segundo plano. Sin embargo, las personas siguen teniendo la necesidad de contar con relaciones sociales satisfactorias que les proporcionen un adecuado nivel de cobertura de sus necesidades afectivas e instrumentales.&#xd;
La insatisfacción de las expectativas de vínculo social puede generar efectos muy negativos sobre el plano de la salud, el bienestar y la calidad de vida de las personas. Por este motivo, es necesario encontrar fórmulas que garanticen una atención integral a esta problemática.&#xd;
A lo largo del presente trabajo se incidirá en la importancia de abordar la soledad en personas mayores y se planteará una iniciativa innovadora de atención en esta materia.</subfield>
</datafield>
<datafield tag="024" ind2=" " ind1="8">
<subfield code="a">http://uvadoc.uva.es/handle/10324/39862</subfield>
</datafield>
<datafield tag="245" ind1="0" ind2="0">
<subfield code="a">Mayores en soledad: análisis y propuesta de mejora</subfield>
</datafield>
</record></metadata></record></GetRecord></OAI-PMH>